000 002070000a22000970004500
100 1 _aHamilton, Tim
245 1 0 _aNever say never
300 _aNum. 5 (1998), Páginas 4-9
773 0 _tTeartimes
942 _cANA
999 _c55837
_d55837